000 00643nam a2200229Ia 4500
003 OSt
005 20230623114517.0
008 210423s2016 xx 000 0 und d
020 _a978-93-5039-208-9
040 _cAL
041 _aeng
082 _a657.46 MAND
100 _aMANOHARAN (T N);HARI (G R)
_9108186
245 _aDirect tax laws: assessment year 2016-17
260 _aMumbai
_bSnow White Publications Pvt Ltd
_c2016
300 _acxxiv1016
_bPB
365 _b1175
_cINR
650 _aAccounting
_9108187
650 _aIncome Tax
_9108188
906 _a2016-17 ; assessment ; Direct ; laws: ; tax ; year
942 _2ddc
_cBK
999 _c167752
_d167752